MyGZULibrary

Ethics in the hospitality and tourism industry / (Record no. 6273)

MARC details
000 -LEADER
fixed length control field 01258cam a22003257a 4500
001 - CONTROL NUMBER
control field 16555877
003 - CONTROL NUMBER IDENTIFIER
control field GZU
005 - DATE AND TIME OF LATEST TRANSACTION
control field 20210421092744.0
008 - FIXED-LENGTH DATA ELEMENTS--GENERAL INFORMATION
fixed length control field 101129s2008 miua b 001 0 eng d
010 ## - LIBRARY OF CONGRESS CONTROL NUMBER
LC control number 2010283930
020 ## - INTERNATIONAL STANDARD BOOK NUMBER
International Standard Book Number 9780866123280 (pbk.)
035 ## - SYSTEM CONTROL NUMBER
System control number (OCoLC)ocn443337289
040 ## - CATALOGING SOURCE
Original cataloging agency TXH
Transcribing agency TXH
Modifying agency TXH
-- YDXCP
-- BTCTA
-- Z@L
-- DLC
042 ## - AUTHENTICATION CODE
Authentication code lccopycat
050 00 - LIBRARY OF CONGRESS CALL NUMBER
Classification number TX911.3.E84
Item number LIE 2008
100 1# - MAIN ENTRY--PERSONAL NAME
Personal name Lieberman, Karen.
Relator term author
245 10 - TITLE STATEMENT
Title Ethics in the hospitality and tourism industry /
Statement of responsibility, etc. Karen Lieberman, Bruce Nissen.
250 ## - EDITION STATEMENT
Edition statement 2nd ed.
260 ## - PUBLICATION, DISTRIBUTION, ETC.
Place of publication, distribution, etc. Lansing, Mich. :
Name of publisher, distributor, etc. American Hotel & Lodging Educational Institute,
Date of publication, distribution, etc. c2008.
300 ## - PHYSICAL DESCRIPTION
Extent xvi, 259 p. :
Other physical details ill. ;
Dimensions 23 cm.
504 ## - BIBLIOGRAPHY, ETC. NOTE
Bibliography, etc. note Includes bibliographical references and index.
650 #0 - SUBJECT ADDED ENTRY--TOPICAL TERM
Topical term or geographic name entry element Hospitality industry
General subdivision Moral and ethical aspects
Form subdivision Case studies.
650 #0 - SUBJECT ADDED ENTRY--TOPICAL TERM
Topical term or geographic name entry element Tourism
General subdivision Moral and ethical aspects
Form subdivision Case studies.
700 1# - ADDED ENTRY--PERSONAL NAME
Personal name Nissen, Bruce,
Dates associated with a name 1948-
Relator term author
710 2# - ADDED ENTRY--CORPORATE NAME
Corporate name or jurisdiction name as entry element American Hotel & Lodging Educational Institute.
906 ## - LOCAL DATA ELEMENT F, LDF (RLIN)
a 7
b cbc
c copycat
d 3
e ncip
f 20
g y-gencatlg
936 ## - OCLC/CONSER MISCELLANEOUS DATA (OCLC); PIECE USED FOR CATALOGING (pre-AACR2) (RLIN)
OCLC control number(s) of parallel record(s) (OCLC); Piece used for cataloging, PUC (RLIN) PR 264741049
942 ## - ADDED ENTRY ELEMENTS (KOHA)
Source of classification or shelving scheme Library of Congress Classification
Koha item type Books
Edition 2nd edition
Classification part 911.3.E84
Item part LIE
Call number prefix TX
Holdings
Withdrawn status Lost status Source of classification or shelving scheme Damaged status Not for loan Collection code Home library Current library Shelving location Date acquired Total Checkouts Full call number Barcode Date last seen Copy number Price effective from Koha item type
    Library of Congress Classification     Non-fiction Tourism and Hospitality Resource Centre Tourism and Hospitality Resource Centre General Stacks 04/21/2021   TX911.3.E84 LIE 2008 025247 04/21/2021 c. 1 04/21/2021 Books